El sex sigma para todos / George Eckes (Registro nro. 1344)

Detalles MARC
000 -LEADER
fixed length control field 00462nam a22001811a 4500
001 - CONTROL NUMBER
control field 1344
003 - CONTROL NUMBER IDENTIFIER
control field OSt
005 - DATE AND TIME OF LATEST TRANSACTION
control field 20260204211730.0
008 - FIXED-LENGTH DATA ELEMENTS--GENERAL INFORMATION
fixed length control field 061226s2004||||ck ||||||b||||||||||spa||
020 ## - NUMERO DE LIBRO INTERNACIONAL NORMALIZADO
International Standard Book Number 9580482403
050 ## - LIBRARY OF CONGRESS CALL NUMBER
Classification number 658.562 E57s
100 ## - ASIENTO PRINCIPAL -- NOMBRE PERSONAL
Personal name Eckes, George
245 ## - TÍTULO PROPIAMENTE DICHO: SUBTÍTULO
Title El sex sigma para todos / George Eckes
264 ## - PRODUCTION, PUBLICATION, DISTRIBUTION, MANUFACTURE, AND COPYRIGHT NOTICE
Place of production, publication, distribution, manufacture Colombia: Norma
300 ## - PHYSICAL DESCRIPTION
Extensión 166 p
650 ## - ASIENTO SECUNDARIO DE MATERIA -- TERMINO TEMÁTICO
Termino Temático Como Elemento de Entrada 1.Control de Calidad 2.Administración de la ProducciónÌ
942 ## - ADDED ENTRY ELEMENTS (KOHA)
Source of classification or shelving scheme Dewey Decimal Classification
Koha item type Libros
Existencias
Withdrawn status Lost status Source of classification or shelving scheme Damaged status Not for loan Current library Date acquired Total Checkouts Full call number Barcode Date last seen Price effective from Koha item type
    Dewey Decimal Classification     Biblioteca UTECO 09/09/2019   658.562 E57S 012606 09/09/2019 09/09/2019 Libros
© 2021 Derechos Reservados UTECO - Teléfono: +1 809-585-2291 - Correo electrónico: biblioteca@uteco.edu.do​  
Código postal 43000 ​​
Dirección: Avenida Universitaria No. 100, 
Cotuí, Provincia Sánchez Ramírez, República Dominicana - RNC: 404-00059-6